Follow That Line: Sleepless in Seattle Quiz Stats

 Plays Quiz not verified by Sporcle

Challenge
Share
Tweet
Embed
Score 0/25 Timer 14:00
0 Plays Today
% Correct
An Affair To Remember.
97.2%
Her first name could be Doctor.
96.7%
No, I'm gonna meet my new mother.
96.7%
My dad's been captured by a ho!
96.5%
Why don't we say he was widowered?
96.5%
I've never seen potatoes cooked like that before.
96.5%
You want to be in love in a movie.
96.5%
She had really fat fingers.
96.3%
Forever.
95.9%
And, then after a while, I won't have to think about how I had it great and perfect for a while.
95.9%
Wait a minute, she IS my third grade teacher!
95.4%
If it's in the computer, they'll believe anything.
95.2%
I said FLYING.
95%
% Correct
Marriage is hard enough without bringing such low expectations into it, isn't it?
93.9%
The Bermuda Triangle.
93.9%
That's right it's not true, but it feels true.
93.5%
Well, I wouldn't put it that way, but... okay.
92.2%
With this blanket over her shriveled little legs.
91.9%
So what we think of as fate is just two neuroses knowing that they are a perfect match.
91.7%
Well, I saw it and it scared the sh*t out of me! It scared the sh*t out of every man in America!
91.5%
It was like coming home.
91.3%
Who didn't?
90.8%
Some woman is gonna want me to do it to her and I'm not gonna know what it is!
90.4%
Didn't you see Fatal Attraction?
89.8%
Jessica's got cable.
87.8%

You're not logged in!

Compare scores with friends on all Sporcle quizzes.
OR
Log In

You Might Also Like...

Show Comments

Extras

Top Quizzes Today


Score Distribution

Your Account Isn't Verified!

In order to create a playlist on Sporcle, you need to verify the email address you used during registration. Go to your Sporcle Settings to finish the process.

Report this User

Report this user for behavior that violates our Community Guidelines.

Details: